00964cam a2200205 4500008004100000020001500041035001200056050002100068245019000089250001100279260008000290300002200370490004700392500001700439651008500456651008500541700004200626700005300668700003700721090309s1993 mx r u000 0 spa d a9688104639 aa48000404aF1249 bG53 199300aGuía del Archivo de Límites y Ríos México-Guatemala, 1855-1986 / ccoord. Guadalupe Rodríguez de Ita ; María del Consuelo Rodríguez Muñoz, Gabriela Ugalde García. a1a ed. aMéxico :bSecretaría de Relaciones Exteriores :bInstituto Mora, c1993 a127 p. ; c22 cm. 0aArchivo Histórico Diplomático Mexicano a2 ejemplares 7aMéxico xLímites zGuatemala xFuentes vBibliografía vCatálogos 2Lemb 7aGuatemala xLímites zMéxico xFuentes vBibliografía vCatálogos 2Lemb1 aRodríguez de Ita, Guadalupe, coord.1 aRodríguez Muñoz, María del Consuelo, comp.1 aUgalde García, Gabriela, comp.